000 01451cam a22001694a 4500
005 20250605163659.0
008 250528s ||||||||||||||||||||||||d
035 _a24210
040 _aGR-AtMCL
_bgre
_dGR-AtMCL
_eAACR2
245 1 _aΑνθρωπιστική Βοήθεια από την Ευρωπαϊκή Κοινότητα
260 _bΕπιτροπή Των Ευρωπαϊκών Κοινοτήτων
_bΟπτικοακουστικός Τομέας, Πληροφόρηση, Επικοινωνία Και Πολιτιστικά Θέματα,
_c1992
300 _a6
520 _aΟι Πόροι της Κοινότητας, Συμβολή της Κοινότητας στην Επιχείρηση Αρωγής προς τους Κούρδους - 1991, Δέκα Χρόνια Ανθρωπιστικής Βοήθειας της ΕΚ: οι Σημαντικότερες Επείγουσες Περιπτώσεις - 1982-1992, Η Επείγουσα Ανθρωπιστική Βοήθεια της Κοινότητας - 1991, Επείγουσα Ανθρωπιστική Βοήθεια, Βοήθεια προς τους Πρόσγυγες, Ανθρωπιστική Βοήθεια στην Κεντρική και Ανατολική Ευρώπη, Επιστιστική Βοήθεια στους Πλέον Ευάλωτους, Το Κοινοτικό Σύστημα Αρωγής.
942 _cCR
999 _c9104
_d9104